000 01491cam a22003374a 4500
999 _c6415
_d6415
001 2145110
005 20170920124957.0
008 981218s1999 iluab b 001 0 eng
010 _a 98052359
020 _a0226487202 (cloth : acidfree paper)
020 _a0226487210 (paper)
040 _aDLC
_cDLC
_dDLC
042 _apcc
050 0 0 _aG70
_b.G4432 1999
082 0 0 _a910/.9
_221
245 0 0 _aGeography and enlightenment /
_cedited by David N. Livingstone and Charles W.J. Withers.
260 _aChicago :
_bUniversity of Chicago Press,
_c1999.
300 _aviii, 455 p. :
_bill., maps ;
_c24 cm.
504 _aIncludes bibliographical references and index.
650 0 _aGeography
_xHistory
_y18th century.
_935954
650 0 _aEnlightenment.
_935955
700 1 _aLivingstone, David N.,
_d1953-
_915007
700 1 _aWithers, Charles W. J.
_935956
856 4 2 _3Publisher description
_uhttp://www.loc.gov/catdir/description/uchi051/98052359.html
856 4 1 _3Table of contents only
_uhttp://www.loc.gov/catdir/toc/uchi052/98052359.html
856 4 2 _3Contributor biographical information
_uhttp://www.loc.gov/catdir/enhancements/fy0609/98052359-b.html
906 _a7
_bcbc
_corignew
_d1
_eocip
_f19
_gy-gencatlg
942 _2lcc
_cMONOGRAPH